Search engine optimization secrets : Do what you never thought possible with SEO
Discusses the strategies of effective search engine optimization, covering such topics as the consulting process, site audits, the SEO industry, search engine verticals, and testing-- source other than Library of Congress
Na minha lista:
| Autor principal: | |
|---|---|
| Formato: | Livro |
| Idioma: | Undetermined |
| Publicado em: |
Indianapolis, IN
Wiley
2011
|
| Assuntos: | |
| Tags: |
Adicionar Tag
Sem tags, seja o primeiro a adicionar uma tag!
|
| Thư viện lưu trữ: | Trung tâm Học liệu Trường Đại học Cần Thơ |
|---|
| LEADER | 00898nam a2200229Ia 4500 | ||
|---|---|---|---|
| 001 | CTU_217457 | ||
| 008 | 210402s9999 xx 000 0 und d | ||
| 020 | |c 28.56 | ||
| 082 | |a 025.04 | ||
| 082 | |b D743 | ||
| 100 | |a Dover, Danny | ||
| 245 | 0 | |a Search engine optimization secrets : | |
| 245 | 0 | |b Do what you never thought possible with SEO | |
| 245 | 0 | |c Danny Dover | |
| 260 | |a Indianapolis, IN | ||
| 260 | |b Wiley | ||
| 260 | |c 2011 | ||
| 520 | |a Discusses the strategies of effective search engine optimization, covering such topics as the consulting process, site audits, the SEO industry, search engine verticals, and testing-- source other than Library of Congress | ||
| 650 | |a Web sites,Công cụ tìm kiếm Web,Trang web,Web search engines | ||
| 650 | |x Design,Thiết kế | ||
| 904 | |i Nhi, Sang, Tuyến | ||
| 980 | |a Trung tâm Học liệu Trường Đại học Cần Thơ | ||